MARC details
| 000 -LEADER |
| fixed length control field |
00859cam a2200193 4500 |
| 001 - CONTROL NUMBER |
| control field |
WS109076 |
| 008 - FIXED-LENGTH DATA ELEMENTS--GENERAL INFORMATION |
| fixed length control field |
000000n 000 0 eng u |
| 035 ## - SYSTEM CONTROL NUMBER |
| System control number |
(Sirsi) u109076 |
| 245 ## - TITLE STATEMENT |
| Title |
Lguide.com |
| 520 ## - SUMMARY, ETC. |
| Summary, etc. |
Web site which rates and reviews online courses and in many cases provides a link to the relevant site. It lists courses under the heading s of business, technology, languages, personal development and personal finance. It also provides a wizard to guide you to the relevant course. It includes articles on e-learning. |
| 650 ## - SUBJECT ADDED ENTRY--TOPICAL TERM |
| Topical term or geographic name entry element |
COURSES |
| 650 0# - SUBJECT ADDED ENTRY--TOPICAL TERM |
| Topical term or geographic name entry element |
E-LEARNING |
| 650 ## - SUBJECT ADDED ENTRY--TOPICAL TERM |
| Topical term or geographic name entry element |
LANGUAGES |
| 650 ## - SUBJECT ADDED ENTRY--TOPICAL TERM |
| Topical term or geographic name entry element |
MANAGEMENT-BUSINESS MANAGEMENT-INFORMATION MANAGEMENT |
| 650 0# - SUBJECT ADDED ENTRY--TOPICAL TERM |
| Topical term or geographic name entry element |
ONLINE LEARNING |
| 690 ## - LOCAL SUBJECT ADDED ENTRY--TOPICAL TERM (OCLC, RLIN) |
| Topical term or geographic name as entry element |
CAREERS, EDUCATION AND TRAINING |
| 856 40 - ELECTRONIC LOCATION AND ACCESS |
| Uniform Resource Identifier |
<a href="https://www.lguide.com">https://www.lguide.com</a> |
| Public note |
View the website free of charge at www.lguide.com... |
| 942 ## - ADDED ENTRY ELEMENTS (KOHA) |
| Suppress in OPAC |
0 |